000 006540000a22002050004500
003 LK-CoMWRAF
005 20260402152714.0
008 230817t2000 ||||| |||| 00| 0 eng d
020 _a9556250077
040 _aLK-CoMWRAF
_dLK-CoMWRAF
_eLK-CoMWRAF
041 _aeng
082 _a346.015
_bGOO
100 _aGoonaesekere, Savitri
245 _aMuslim personal Law in Sri Lanka :
_bSome aspects of the law on family relations
260 _aColombo:
_bMuslim Women's Research and action forum,
_c2000
300 _aix, 135 p. ; 22 cm.
650 _aPERSONS(ISLAMIC LAW)-Sri Lanka
650 _aDomestic relations (Islamic law)--Sri Lanka.
942 _cBK
999 _c131
_d131